[Event "Mecklenburg VP U18"]
[Site "Malchow"]
[Date "2016.02.02"]
[Round "1.5"]
[White "Bardosch, Karl"]
[Black "Karberg, Willi"]
[Result "1-0"]
[WhiteElo "1679"]
[BlackElo "1187"]
[PlyCount "97"]
[EventDate "2016.02.02"]
[EventType "swiss"]
[EventRounds "7"]
[EventCountry "GER"]
[SourceTitle "EXT 2024"]
[Source "ChessBase"]
[SourceDate "2023.10.10"]
[SourceVersion "1"]
[SourceVersionDate "2023.10.10"]
[SourceQuality "1"]

1. e4 e5 2. Nc3 Bb4 3. Bc4 Nf6 4. d3 d6 5. f4 Nc6 6. Nf3 0-0 7. 0-0 Bxc3 8. bxc3 Bg4 9. h3 Bxf3 10. Qxf3 Re8 11. f5 Ne7 12. g4 d5 13. Bb3 c6 14. g5 Nd7 15. exd5 Nxd5 16. Bxd5 cxd5 17. Qxd5 Qb6+ 18. Kg2 Qc6 19. Qxc6 bxc6 20. Rb1 c5 21. Rb7 Red8 22. Re1 f6 23. gxf6 gxf6 24. Kf2 a6 25. Rg1+ Kh8 26. Bh6 Rab8 27. Bg7+ Kg8 28. Bxf6+ Kf8 29. Bg7+ Kf7 30. Ra7 Ra8 31. Rxa8 Rxa8 32. Bh6 Rg8 33. Rxg8 Kxg8 34. Ke3 Kf7 35. Bg5 Nf6 36. Bxf6 Kxf6 37. Ke4 h6 38. d4 exd4 39. cxd4 cxd4 40. Kxd4 Kxf5 41. Kd5 Kf4 42. c4 Kg3 43. c5 Kxh3 44. c6 h5 45. c7 h4 46. c8Q+ Kg2 47. Qxa6 h3 48. Qh6 h2 49. Qxh2+ 1-0

[Event "Mecklenburg VP-ch U18"]
[Site "Malchow"]
[Date "2015.02.??"]
[Round "3.4"]
[White "Bardosch, Karl"]
[Black "Jaster, Steven"]
[Result "1-0"]
[WhiteElo "1679"]
[BlackElo "1229"]
[PlyCount "87"]
[EventDate "2015.02.04"]
[EventType "swiss"]
[EventRounds "7"]
[EventCountry "GER"]
[SourceTitle "EXT 2022"]
[Source "ChessBase"]
[SourceDate "2021.10.06"]
[SourceVersion "1"]
[SourceVersionDate "2021.10.06"]
[SourceQuality "1"]

1. e4 c5 2. Nc3 Nc6 3. g3 g6 4. Bg2 Bg7 5. f4 e6 6. Nf3 Nge7 7. d3 0-0 8. Be3 d5 9. Bxc5 dxe4 10. dxe4 Bxc3+ 11. bxc3 Qa5 12. Bd4 Nxd4 13. Qxd4 Rd8 14. Qb4 Nc6 15. Qxa5 Nxa5 16. Kf2 b6 17. Rhd1 Bb7 18. Nd4 Rac8 19. Ne2 Rxd1 20. Rxd1 Ba6 21. Bf1 Bxe2 22. Bxe2 Rxc3 23. Rd8+ Kg7 24. Bd3 Rc7 25. Rd4 Kf6 26. e5+ Ke7 27. Ke2 Rd7 28. Rxd7+ Kxd7 29. Bb5+ Ke7 30. Kd3 f6 31. Ke4 Nb7 32. Bc6 Nc5+ 33. Kd4 Kf7 34. a4 Ke7 35. a5 Kf7 36. axb6 axb6 37. Kc4 f5 38. Kb5 Ne4 39. Kxb6 g5 40. c4 gxf4 41. gxf4 Ke7 42. c5 Nc3 43. Bf3 Kd7 44. Kb7 1-0

[Event "Mecklenburg VP-ch U18"]
[Site "Malchow"]
[Date "2015.02.??"]
[Round "2.6"]
[White "Hung, Doan Manh"]
[Black "Bardosch, Karl"]
[Result "0-1"]
[WhiteElo "1148"]
[BlackElo "1679"]
[PlyCount "62"]
[EventDate "2015.02.04"]
[EventType "swiss"]
[EventRounds "7"]
[EventCountry "GER"]
[SourceTitle "EXT 2022"]
[Source "ChessBase"]
[SourceDate "2021.10.06"]
[SourceVersion "1"]
[SourceVersionDate "2021.10.06"]
[SourceQuality "1"]

1. e4 c5 2. Nf3 d6 3. d4 cxd4 4. Nxd4 Nf6 5. Nc3 a6 6. Be3 b5 7. a3 Bb7 8. Bd3 e6 9. g4 Nfd7 10. f4 Nc5 11. f5 e5 12. Nf3 Nbd7 13. Qe2 Rc8 14. b4 Nxd3+ 15. Qxd3 Qc7 16. Bd2 Nb6 17. Rc1 Nc4 18. Nd5 Bxd5 19. Qxd5 Nxa3 20. c3 Be7 21. h4 Qc6 22. Qxc6+ Rxc6 23. 0-0 Nc4 24. h5 Nxd2 25. Nxd2 Bg5 26. Rf2 Be3 27. Rc2 Ke7 28. Kg2 Bxf2 29. Kxf2 Rhc8 30. Nb1 Rc4 31. Ke3 Rxb4 0-1

[Event "Mecklenburg VP LL2 Ost 1415"]
[Site "Mecklenburg VP"]
[Date "2014.11.09"]
[Round "2.8"]
[White "Stork, Leonard Christopher"]
[Black "Bardosch, Karl"]
[Result "0-1"]
[WhiteElo "1388"]
[BlackElo "1680"]
[PlyCount "114"]
[EventDate "2014.09.21"]
[EventType "team-tourn"]
[EventRounds "9"]
[EventCountry "GER"]
[SourceTitle "EXT 2022"]
[Source "ChessBase"]
[SourceDate "2021.10.06"]
[SourceVersion "1"]
[SourceVersionDate "2021.10.06"]
[SourceQuality "1"]
[WhiteTeam "Waren ESV"]
[BlackTeam "Rostock SSC 07 III"]
[WhiteTeamCountry "GER"]
[BlackTeamCountry "GER"]

1. Nf3 Nf6 2. d4 d5 3. c4 e6 4. Nc3 dxc4 5. e4 a6 6. Bg5 Be7 7. Bxc4 b5 8. Be2 Bb7 9. e5 Nd5 10. Bxe7 Qxe7 11. Nxd5 Bxd5 12. 0-0 Nd7 13. a4 Qb4 14. axb5 axb5 15. Rxa8+ Bxa8 16. Qd3 Bc6 17. Rc1 Nb8 18. d5 exd5 19. Nd4 Bd7 20. Rxc7 Qe1+ 21. Bf1 Qxe5 22. Nxb5 0-0 23. Rc5 Qxb2 24. Rxd5 Be6 25. Rd8 Nd7 26. Rxd7 Bxd7 27. Qxd7 Qf6 28. Qd4 Qe6 29. g3 Qc6 30. Nc3 Rc8 31. Ne4 Re8 32. Bd3 Rf8 33. Ng5 Qc1+ 34. Kg2 Qxg5 35. Qe4 Qg6 36. Qxg6 hxg6 37. h4 Rd8 38. Bc4 Kf8 39. Kf3 Ke7 40. Ba2 Kf6 41. g4 Rd3+ 42. Kg2 Ke7 43. Bb1 Rb3 44. Be4 Kd6 45. f3 Ke5 46. Kg3 f5 47. Bc2 Rc3 48. Ba4 f4+ 49. Kf2 g5 50. h5 Ra3 51. Bc6 Ra2+ 52. Ke1 Kd4 53. Be4 Ke3 54. Kd1 Rf2 55. Ke1 Rxf3 56. Bxf3 Kxf3 57. Kf1 Kxg4 0-1

[Event "Rostock SSC op 13th"]
[Site "Rostock"]
[Date "2014.07.27"]
[Round "7"]
[White "Kliewe, Hans Juergen"]
[Black "Bardosch, Karl"]
[Result "1-0"]
[WhiteElo "2020"]
[BlackElo "1614"]
[PlyCount "61"]
[EventDate "2014.07.23"]
[EventType "swiss"]
[EventRounds "7"]
[EventCountry "GER"]
[SourceTitle "EXT 2018"]
[Source "ChessBase"]
[SourceDate "2017.10.13"]
[SourceVersion "1"]
[SourceVersionDate "2017.10.13"]
[SourceQuality "1"]

1. d4 d5 2. Bf4 Nf6 3. e3 Bf5 4. Nf3 Nbd7 5. h3 e6 6. c3 Bd6 7. Ne5 0-0 8. Nd2 Ne4 9. g4 Nxd2 10. Qxd2 Be4 11. Rg1 f6 12. Nd3 e5 13. Bg3 Qe7 14. 0-0-0 Nb6 15. Ne1 f5 16. Bxe5 Bxe5 17. dxe5 fxg4 18. Rxg4 Qxe5 19. f4 Qe6 20. Bd3 c6 21. Nc2 Rae8 22. Re1 Rf7 23. b3 Nd7 24. Nd4 Qf6 25. Bxe4 Rxe4 26. Rg5 Nc5 27. Nf5 Ne6 28. Rh5 Kh8 29. Nd6 g6 30. Nxe4 dxe4 31. Re5 1-0

[Event "Mecklenburg VP-ch U16"]
[Site "Malchow"]
[Date "2014.02.02"]
[Round "3"]
[White "Bardosch, Karl"]
[Black "Schmidt, Alexander"]
[Result "1-0"]
[WhiteElo "1614"]
[BlackElo "1431"]
[PlyCount "36"]
[EventDate "2014.02.01"]
[EventType "swiss"]
[EventRounds "7"]
[EventCountry "GER"]
[SourceTitle "EXT 2017"]
[Source "ChessBase"]
[SourceDate "2016.10.25"]
[SourceVersion "1"]
[SourceVersionDate "2016.10.25"]
[SourceQuality "1"]

1. e4 c5 2. Nf3 Nc6 3. d4 cxd4 4. Nxd4 d6 5. Bb5 Bd7 6. Bxc6 Bxc6 7. f3 g6 8. c4 Bg7 9. Nc3 Qb6 10. Nde2 Nf6 11. Qd3 Nd7 12. b3 Nc5 13. Qc2 0-0 14. Bb2 Ne6 15. Nd5 Bxd5 16. exd5 Bxb2 17. Qxb2 Qe3 18. dxe6 Qxe6 1-0

[Event "GER-ch U14"]
[Site "Oberhof"]
[Date "2012.06.02"]
[Round "9"]
[White "Bardosch, Karl"]
[Black "Fluechter, Gregor"]
[Result "0-1"]
[WhiteElo "1521"]
[BlackElo "1940"]
[PlyCount "62"]
[EventDate "2012.05.27"]
[EventType "swiss"]
[EventRounds "9"]
[EventCountry "GER"]
[SourceTitle "CBM 148 Extra"]
[Source "ChessBase"]
[SourceDate "2012.06.22"]
[SourceVersion "1"]
[SourceVersionDate "2012.06.22"]
[SourceQuality "1"]

1. e4 c5 2. Nf3 d6 3. d4 cxd4 4. Nxd4 Nf6 5. Nc3 a6 6. Be3 e5 7. Nb3 Be6 8. f3 Be7 9. Qd2 0-0 10. 0-0-0 Nbd7 11. h4 b5 12. g4 Nb6 13. Qh2 b4 14. Ne2 a5 15. Kb1 a4 16. Na1 Nc4 17. Bg5 Qa5 18. Ng3 b3 19. Bxc4 Bxc4 20. a3 bxc2+ 21. Qxc2 Rfc8 22. Qd2 Qc5 23. Bxf6 Bxf6 24. Qxd6 Qf2 25. Nh5 Qxf3 26. Nxf6+ gxf6 27. g5 Qxe4+ 28. Nc2 Bb3 29. Ka1 Bxc2 30. Rde1 Qd4 31. Qxf6 Rc3 0-1

[Event "GER-chT Nord-Ost U20 U20 1112"]
[Site "Germany"]
[Date "2012.05.13"]
[Round "9.6"]
[White "Gaus, Niklas"]
[Black "Bardosch, Karl"]
[Result "0-1"]
[WhiteElo "1466"]
[BlackElo "1564"]
[PlyCount "66"]
[EventDate "2011.09.24"]
[EventType "team-tourn"]
[EventRounds "9"]
[EventCountry "GER"]
[SourceTitle "EXT 2015"]
[Source "ChessBase"]
[SourceDate "2014.11.20"]
[SourceVersion "1"]
[SourceVersionDate "2014.11.20"]
[SourceQuality "1"]

1. e4 c5 2. Nf3 d6 3. d4 cxd4 4. Nxd4 Nf6 5. Nc3 a6 6. Bc4 e6 7. Bg5 Be7 8. Qd3 Nbd7 9. Nf3 b5 10. Bb3 Nc5 11. Qe2 b4 12. Bxf6 Bxf6 13. Nd1 Bb7 14. Nd2 Rc8 15. Rc1 a5 16. c3 Bg5 17. Bc2 Ba6 18. Qf3 Bxd2+ 19. Kxd2 Qg5+ 20. Ne3 bxc3+ 21. bxc3 Ke7 22. h4 Qf6 23. Qg3 g6 24. Bb1 Rb8 25. Ng4 Rb2+ 26. Kd1 Qg7 27. Re1 Na4 28. e5 Rd8 29. Re3 h5 30. Nh2 dxe5+ 31. Ke1 Rdd2 32. c4 Nc5 33. Rxe5 Rxf2 0-1

[Event "Rostock SSC 07 op 10th"]
[Site "Rostock"]
[Date "2011.08.03"]
[Round "1"]
[White "Helms, Sven"]
[Black "Bardosch, Karl"]
[Result "1-0"]
[WhiteElo "2050"]
[BlackElo "1680"]
[PlyCount "69"]
[EventDate "2011.08.03"]
[EventType "swiss"]
[EventRounds "7"]
[EventCountry "GER"]
[SourceTitle "EXT 2017"]
[Source "ChessBase"]
[SourceDate "2016.10.25"]
[SourceVersion "1"]
[SourceVersionDate "2016.10.25"]
[SourceQuality "1"]

1. d4 d5 2. c4 c6 3. Nc3 Nf6 4. Nf3 e6 5. e3 Be7 6. Bd3 Nbd7 7. 0-0 0-0 8. Qe2 dxc4 9. Bxc4 b5 10. Bd3 a6 11. e4 Bb7 12. e5 Nd5 13. Qe4 f5 14. exf6 N7xf6 15. Qxe6+ Kh8 16. Bg5 Bc8 17. Qe2 Bg4 18. h3 Bh5 19. Nxd5 Nxd5 20. Bxe7 Bxf3 21. Bxd8 Bxe2 22. Bxe2 Raxd8 23. Rfc1 Nf4 24. Bf1 Rf6 25. g3 Ng6 26. Bg2 Ne7 27. Re1 Nf5 28. d5 c5 29. Rac1 c4 30. Re4 Nd6 31. Re6 Rxe6 32. dxe6 Nf5 33. g4 Ne7 34. b3 cxb3 35. axb3 1-0

[Event "Mecklenburg VP LL2 Ost 1011"]
[Site "Mecklenburg VP"]
[Date "2011.02.27"]
[Round "7.8"]
[White "Gruenwald, Andreas"]
[Black "Bardosch, Karl"]
[Result "1-0"]
[WhiteElo "1713"]
[BlackElo "1472"]
[PlyCount "79"]
[EventDate "2010.10.10"]
[EventType "team-tourn"]
[EventRounds "9"]
[EventCountry "GER"]
[SourceTitle "EXT 2022"]
[Source "ChessBase"]
[SourceDate "2021.10.06"]
[SourceVersion "1"]
[SourceVersionDate "2021.10.06"]
[SourceQuality "1"]
[WhiteTeam "Waren ESV"]
[BlackTeam "Rostock SSC 07 III"]
[WhiteTeamCountry "GER"]
[BlackTeamCountry "GER"]

1. e4 c5 2. Nf3 d6 3. Nc3 Nf6 4. d4 cxd4 5. Nxd4 a6 6. a4 e6 7. Bd3 Qc7 8. 0-0 Nbd7 9. Kh1 b6 10. Qe2 Bb7 11. f4 Nc5 12. Bd2 Be7 13. b4 Nxd3 14. cxd3 d5 15. exd5 Nxd5 16. Nxd5 Bxd5 17. b5 a5 18. Rac1 Bc5 19. Nxe6 fxe6 20. d4 Qd6 21. dxc5 bxc5 22. Qe3 c4 23. Bc3 0-0 24. Rcd1 Qc7 25. f5 Qb7 26. Qd2 Qb6 27. Qg5 Qb7 28. h4 Rf7 29. h5 exf5 30. Rf2 Raf8 31. Rfd2 Be4 32. Rd6 Bd3 33. h6 Qc7 34. Rc6 Qd8 35. Qxd8 Rxd8 36. Rxc4 Rfd7 37. Rc6 Be4 38. Rxd7 Rxd7 39. Rc8+ Kf7 40. hxg7 1-0

[Event "Mecklenburg VP-ch U14"]
[Site "Malchow"]
[Date "2011.02.14"]
[Round "1.3"]
[White "Bardosch, Karl"]
[Black "Wagner, Swenja"]
[Result "1-0"]
[WhiteElo "1678"]
[BlackElo "1033"]
[PlyCount "33"]
[EventDate "2011.02.14"]
[EventType "swiss"]
[EventRounds "7"]
[EventCountry "GER"]
[SourceTitle "EXT 2022"]
[Source "ChessBase"]
[SourceDate "2021.10.06"]
[SourceVersion "1"]
[SourceVersionDate "2021.10.06"]
[SourceQuality "1"]

1. e4 e5 2. Nc3 Nf6 3. f4 exf4 4. e5 Ng8 5. Nf3 f6 6. Bc4 Nh6 7. d4 Bb4 8. Bxf4 Nf5 9. 0-0 b6 10. exf6 Qxf6 11. Nd5 Qc6 12. Nxc7+ Kd8 13. Bd5 Qf6 14. Bg5 Qxg5 15. Nxg5 Kxc7 16. Rxf5 Bb7 17. Bxb7 1-0

[Event "Mecklenburg VP-ch U14"]
[Site "Malchow"]
[Date "2011.02.14"]
[Round "4.2"]
[White "Gerloff, Sebastian"]
[Black "Bardosch, Karl"]
[Result "0-1"]
[WhiteElo "1247"]
[BlackElo "1678"]
[PlyCount "54"]
[EventDate "2011.02.14"]
[EventType "swiss"]
[EventRounds "7"]
[EventCountry "GER"]
[SourceTitle "EXT 2022"]
[Source "ChessBase"]
[SourceDate "2021.10.06"]
[SourceVersion "1"]
[SourceVersionDate "2021.10.06"]
[SourceQuality "1"]

1. d4 d5 2. c3 Nf6 3. Bf4 e6 4. Nf3 Bd6 5. Bxd6 cxd6 6. Nbd2 Nc6 7. e3 0-0 8. Be2 Bd7 9. 0-0 Qc7 10. Qc2 Rfc8 11. Rfc1 Rab8 12. Qd1 b5 13. Qf1 Ne7 14. h3 Qb7 15. a3 Rc7 16. Ne1 a5 17. Nc2 Nc6 18. Nf3 b4 19. axb4 axb4 20. Rab1 bxc3 21. bxc3 Qc8 22. Ba6 Qd8 23. Rxb8 Nxb8 24. Nb4 Nxa6 25. Nxa6 Rc4 26. Nd2 Bb5 27. Nb4 Rxb4 0-1

[Event "GER-ch U12"]
[Site "Oberhof"]
[Date "2010.05.28"]
[Round "9"]
[White "Scheinhuette, Jakob"]
[Black "Bardosch, Karl"]
[Result "1/2-1/2"]
[WhiteElo "1582"]
[BlackElo "1450"]
[PlyCount "81"]
[EventDate "2010.05.22"]
[EventType "swiss"]
[EventRounds "11"]
[EventCountry "GER"]
[SourceTitle "CBM 136 Extra"]
[Source "ChessBase"]
[SourceDate "2010.07.02"]
[SourceVersion "2"]
[SourceVersionDate "2010.07.15"]
[SourceQuality "1"]

1. e4 c5 2. Nf3 d6 3. d4 cxd4 4. Nxd4 Nf6 5. Nc3 a6 6. Be3 e6 7. f3 Be7 8. Qd2 0-0 9. Bd3 b5 10. a3 Bb7 11. 0-0 Nbd7 12. a4 b4 13. Nce2 a5 14. Nb5 Nc5 15. Bc4 d5 16. exd5 Bxd5 17. Bxd5 Nxd5 18. Bd4 Qd7 19. Rfd1 Rfd8 20. Kh1 Nc7 21. Qe1 Qc6 22. Qg3 e5 23. Nxc7 exd4 24. Nxa8 Rxa8 25. Nxd4 Qf6 26. b3 Bd6 27. Qf2 Be5 28. Rac1 Ne4 29. Qg1 Nc3 30. Rd3 Bxd4 31. Qxd4 Qxd4 32. Rxd4 Ne2 33. Rcd1 Nxd4 34. Rxd4 h6 35. Kg1 Rc8 36. Rc4 Ra8 37. Rc5 Kf8 38. Kf2 Ke7 39. Rb5 Rc8 40. Rxa5 Rxc2+ 41. Kg3 1/2-1/2

[Event "GER-ch U12"]
[Site "Oberhof"]
[Date "2010.05.24"]
[Round "4"]
[White "Bardosch, Karl"]
[Black "Roehlich, Philipp"]
[Result "1-0"]
[WhiteElo "1450"]
[BlackElo "1690"]
[PlyCount "83"]
[EventDate "2010.05.22"]
[EventType "swiss"]
[EventRounds "11"]
[EventCountry "GER"]
[SourceTitle "CBM 136 Extra"]
[Source "ChessBase"]
[SourceDate "2010.07.02"]
[SourceVersion "2"]
[SourceVersionDate "2010.07.15"]
[SourceQuality "1"]

1. e4 c5 2. Nf3 Nc6 3. d4 cxd4 4. Nxd4 g6 5. Nc3 Bg7 6. Be3 Nf6 7. Bc4 Qa5 8. f3 Qb4 9. Nxc6 bxc6 10. Bb3 a5 11. a3 Qb7 12. Qd2 d6 13. Bh6 0-0 14. Bxg7 Kxg7 15. 0-0-0 Bd7 16. Rdg1 Rfb8 17. Nd1 a4 18. Bc4 c5 19. g4 h5 20. gxh5 Nxh5 21. Bd5 Bc6 22. Bxc6 Qxc6 23. Rg5 Qb6 24. Rhg1 Rh8 25. Ne3 Nf6 26. Qg2 Kf8 27. f4 Rb8 28. Nd1 c4 29. e5 dxe5 30. fxe5 Nh5 31. Rf1 Rg8 32. Qf3 Rg7 33. Rg2 Qd4 34. Qe3 Qxe3+ 35. Nxe3 Rc8 36. Rg4 c3 37. bxc3 Rxc3 38. Rxa4 Ke8 39. Nc4 Rh3 40. Nb6 f6 41. e6 Kd8 42. Rc4 1-0

[Event "Mecklenburg VP-ch U12"]
[Site "Malchow"]
[Date "2010.02.??"]
[Round "1.1"]
[White "Bardosch, Karl"]
[Black "Gerloff, Sebastian"]
[Result "0-1"]
[WhiteElo "1522"]
[BlackElo "998"]
[PlyCount "120"]
[EventDate "2010.02.10"]
[EventType "swiss"]
[EventRounds "7"]
[EventCountry "GER"]
[SourceTitle "EXT 2022"]
[Source "ChessBase"]
[SourceDate "2021.10.06"]
[SourceVersion "1"]
[SourceVersionDate "2021.10.06"]
[SourceQuality "1"]

1. e4 d5 2. exd5 Qxd5 3. Nc3 Qe5+ 4. Be2 Bg4 5. d4 Bxe2 6. Ngxe2 Qa5 7. 0-0 c6 8. Bf4 Nf6 9. Qd3 e6 10. Ng3 Be7 11. Nce4 Nbd7 12. Bd2 Qb6 13. b3 0-0 14. c4 Rfd8 15. Qc3 Nxe4 16. Nxe4 Nf6 17. Ng3 Qxd4 18. Qxd4 Rxd4 19. Be3 Rd7 20. Rfd1 b6 21. Rxd7 Nxd7 22. Rd1 Rd8 23. Ne4 Nf6 24. Rxd8+ Bxd8 25. Bg5 Nxe4 26. Bxd8 Nc3 27. a4 Ne2+ 28. Kf1 Nc1 29. b4 Nd3 30. b5 cxb5 31. cxb5 Nc5 32. Bc7 Nxa4 33. Bb8 Nc3 34. Bxa7 Nxb5 35. Bxb6 Kf8 36. Ke1 Ke8 37. Kd2 Kd7 38. Kd3 Kc6 39. Be3 Kd5 40. Bf4 e5 41. Bg3 f5 42. f3 e4+ 43. fxe4+ fxe4+ 44. Ke3 Nc3 45. Kd2 Nb5 46. Bf2 Nd4 47. Be3 Nf5 48. Bf2 Ke5 49. g3 Nd4 50. Ke3 Nf3 51. h4 Nh2 52. Bg1 Ng4+ 53. Ke2 h6 54. Kd2 g5 55. hxg5 hxg5 56. Ke2 Nf6 57. Ke3 Kf5 58. Kd4 Ng4 59. Kc3 Ne5 60. Kd4 Nf3+ 0-1